000 00839nam a2200277 i 4500
003 DO-SdBNP
005 20240305133402.0
007 ta
008 090701s2015 gt r 001 0 spa d
020 _a9789929559707
040 _aDO-SdBNP
_bspa
_cBNPHU
_erda
082 4 _aRD861.44
_bG643t
_222
100 1 _aAcuña, René,
_d1929-
_eautor
_984341
245 1 0 _aTraslaciones /
_cWinston González
264 _aSanto Domingo :
_bCultura,
_c2015.
300 _a65 páginas ;
_c21 cm.
336 _2rdacontent
_atexto
_btxt
337 _2rdamedia
_asin mediación
_bn
338 _2rdacarrier
_avolumen
_bnc
500 _aX premio mesoamericano de poesía Luis Cardoza y Aragón
590 _aExtraviado, 2023/DG
650 4 _aPoesía guatemalteca
_914068
650 4 _aLiteratura guatemalteca
_95393
910 _aDG
942 _2ddc
_cLBS1
999 _c55149
_d55149